Регионална библиотека "Любен Каравелов" - Русе

Човекът без качества (Запис номер 126769)

MARC детайли
000 -Лидер
Контролно поле с фиксирана дължина 01593nam a2200373 c 4500
003 - Код на организацията, давaща контролен номер
Контролно поле BLK
005 - Дата и час на последна редакция
Контролно поле 20240823090555.0
008 - Елементи от данни с фиксирана дължина
fixed length control field 180409b bul|||||r ||||||| ||bul||
010 ## - Наследен системен номер
LC control number KNG00132457000
020 ## - Международен стандартен номер на книга ISBN
Международен стандартен номер на книга ISBN 978-954-9621-44-0
-- издат.: АТЛАНТИС-КЛ - на том(кн. 2)
040 ## - Източник на каталожния запис
Идентификатор на билиотеката - собственик на записа BLK
041 ## - Код за език
Код за езика на текст/звукозапис или на отделно заглавие Български
Код за езика КДБФ Български
072 #7 - Код за тематичната категория
Код организация bullib
Код за тематична категория Н84
Текст Българска художествена литература Н
080 ## - УДК
Текстов определител УДК Австрийска литература
УДК код - определител по УДК 821.112(436)
УДК определител -31
УДК - код + определител 821.112(436)-31
100 1# - Редна дума - Автор
Автор Музил, Роберт
Авторска отговорност първи автор
R(LIN) 99467
139 ## - Редно поле
Редна дума Музил, Роберт
Авторски знак Му - М 95
245 10 - Сведения за заглавието
Заглавие Човекът без качества
Подзаглавни данни Кн. 1 -
Редно поле (дума) Роберт Музил; прев. Любомир Илиев.
Том Кн. 2
257 ## - Страна на издаване
Страна на създаване/издаване Австрия
260 ## - Област на издателските данни
-- София
Година на издаване 2009 -
Печатница София : Скала
300 ## - Физическа характеристика
Размери/Мащаб 20 см
380 ## - Жанр
Жанр Худож. лит.
490 1# - СЕРИИ (Колекции)
Име на серия Вълшебната планина : Съвременна проза от Германия, Австрия и Швейцария
500 ## - Общи забележки
Забележка Ориг. загл. Der Mann ohne Eigenschaften / Robert Musil.
653 ## - Ключова дума – ненормативна
Ключова дума романи
659 ## - Тематичен бюлетин
Тематичен бюлетин Н
700 1# - Други автори (авторска отговорност)
Лично име Илиев, Любомир
Автороска отговорност (Описва отношението между автора и произведението) прев.
9 (RLIN) 368762
760 1# - Описание на основната серия
-- - на том(кн. 2)
Редна дума на основното описание Музил, Роберт
Място на издаване, издател и година АТЛАНТИС-КЛ, 2009
Страници - том 584 с.
Заглавие Кн. 2
852 ## - Местоположение
Форматна сигнатура Цб 255867
856 4# - Електронен адрес и достъп
Електронен формат pdf - файл
Път до файла /url/
856 4# - Електронен адрес и достъп
Електронен формат pdf - файл
Път до файла /url/
942 ## - АРТИКУЛИ
Вид на библиотечния материал Книги
Скрит в OPAC Не
Koha issues (borrowed), all copies 3
944 ## - СЪЗДАВАНЕ И РЕДАКЦИЯ на ЗАПИСА
Създаване/Редакция Създаване
Дата на регистрацията/редакция 24.07.2012
Статус, дата на статуса Цветомила Тодорова
Служител, извършил регистрацията/редакцията 30576
944 ## - СЪЗДАВАНЕ И РЕДАКЦИЯ на ЗАПИСА
Създаване/Редакция Редакция
Дата на регистрацията/редакция 24.01.2018
Статус, дата на статуса ф /
Служител, извършил регистрацията/редакцията Людмила_Стоянова
999 ## - СИСТЕМНИ КОНТРОЛНИ НОМЕРА
Koha biblionumber 126769
Koha biblioitemnumber 126769
Наличности
Код за отписване Код за изгубен артикул Код за повреда Коз за рестрикции Код за отдаване Артикулен № Име на библиотеката - собственик Име на библиотеката, в която се намира в момента Статус (Текущо местоположение) Дата на вписване в системата Местоположение - отдел Цена в лева Инвентарен номер Систематично азбучна сигнатура Баркод Номер на екземпляра Цена в евро Служебна бележка Служебен тип на артикула Източник на класификационната схема
  Не е изгубен Не е повреден без рестрикции ползва се в читалня 206190 Регионална библиотека "Любен Каравелов" Русе Регионална библиотека "Любен Каравелов" Русе Хранилище 2012-07-24 Хранилище 14.00 120000759083 Цб 255867 120000759083 1 7.16 Дост: Dp Вид: Д N: 25 Дата: 22.06.2011 Книги  
  Не е изгубен Не е повреден без рестрикции заемане за дома 206191 Регионална библиотека "Любен Каравелов" Русе Регионална библиотека "Любен Каравелов" Русе Заемна - подръчен фонд 2017-12-15 Заемна - подръчен фонд 14.00 120000818108 П 830-31/М 95 120000818108 2 7.16 Дост: Pk Вид: Ф N: 498 Дата: 15.12.2017 Дата инв: 01.03.2018 Бележки инв: П2018 Книги Universal Decimal Classification
Vip Innovations Ltd, Rousse, Bulgaria 2025